000 00528nam a2200181Ia 4500
001 9470
005 20260306161721.0
008 260306t2000||||xx |||||||||||||| ||spa||
041 _aESP
082 _a379.151
_bR33
100 _aConsejo Nacional de Ciencia y Tecnología
_eAUT
245 0 _aRecursos del ser humano:
_breflexiones sobre la educación y el desarrollo científico y tecnológico del país
260 _c2000
300 _a108 páginas :
_c29 cm.
650 _aGEN
654 _aCED
942 _cLIB
_dJUS
_fJUS
_2ddc
_n
999 _c9470
_d9470